The G.O.A.T's of Every Sport - Statistics

General Stats
  • This quiz has been taken 1,604 times
  • The average score is 8 of 12
Answer Stats
Sport G.O.A.T. % Correct
Basketball Michael Jordan
96%
Soccer Lionel Messi
94%
Football (USA) Tom Brady
88%
Golf Tiger Woods
87%
Boxing Muhammad Ali
86%
Swimming Michael Phelps
77%
Baseball Babe Ruth
66%
Hockey Wayne Gretzky
64%
Track and Field Usain Bolt
63%
MMA Connor McGregor
44%
Tennis Serena Williams
43%
Wrestling Cael Sanders
1%
No matching quizzes found
Score Distribution
Percent of People with Each Score
Percentile by Number Answered
Your Score History
You have not taken this quiz